000 00637nam a22002177a 4500
003 UA-OsUOA
001 10896
007 ta
008 20050214b un ||||| |||| 00| 0 ukr d
100 _aМних Є.
700 _aЧайка В.
942 _cSA
040 _aUA-OsUOA
_bukr
_cUA-OsUOA
_dUA-OsUOA
245 _aОрганізація формування податкової звітності підприємств торгівлі
300 _aС.61
955 _a0
041 _aukr
044 _aUA
773 0 _w0
_tБухгалтерський облік і аудит
_dК.
_d2005
_gN1
650 7 _aЗвітність
_2UDC
999 _c297057
_d297057